Stress physiology: Methodology manual (Record no. 40509)

MARC details
000 -LEADER
fixed length control field 00393nam a2200133Ia 4500
082 ## - DEWEY DECIMAL CLASSIFICATION NUMBER
Classification number 581.5.4(035)
Item number STR;1
245 #0 - TITLE STATEMENT
Title Stress physiology: Methodology manual
260 ## - PUBLICATION, DISTRIBUTION, ETC. (IMPRINT)
Place of publication Bangalore
Name of publisher University of Agricultural Sciences
Year of publication 1994
650 ## - SUBJECT ADDED ENTRY--TOPICAL TERM
Topical Term Porometry
650 ## - SUBJECT ADDED ENTRY--TOPICAL TERM
Topical Term Sprinkler irrigation
650 ## - SUBJECT ADDED ENTRY--TOPICAL TERM
Topical Term Water relations measurement
942 ## - ADDED ENTRY ELEMENTS (KOHA)
Koha item type Books
Holdings
Withdrawn status Lost status Damaged status Not for loan Home library Current library Date acquired Full call number Accession Number Koha item type
        RRII Library RRII Library 16/12/2021 581.5.4(035) STR;1 20808 Books